000 00630nam a2200277Ia 4500
005 20260324115914.0
008 008 260324s9999 xx 000 0 eng d
020 _a9781315688374
037 _aEBOOK
040 _aCRL
040 _beng
040 _cCRL
041 _2eng
041 _aeng
084 _qCRL
100 _aCelena Kusch
_91156458
245 0 _aLiterary Analysis: The Basics
260 _bTaylor and Francis
260 _c2016
365 _a
365 _b160
856 _uhttp://www.taylorfrancis.com/books/9781315688374
942 _cEBOOK
999 _c1747690
_d1747690